| 000 | 00474 a2200169 4500 | ||
|---|---|---|---|
| 999 |
_c7940 _d7940 |
||
| 020 | _a9781861529268 | ||
| 050 | _aHG 4026 LUM 2003 | ||
| 100 |
_aLumby, Steve _eauthor |
||
| 245 |
_aCorporate finance : _btheory and practice / _cStephen Lumby |
||
| 250 | _a7th ed | ||
| 264 |
_aHampshire : _bCengage Learning, _c2003. |
||
| 300 | _a796p.: | ||
| 500 | _aincludes index | ||
| 650 |
_aCorporations _xFinance. |
||
| 700 |
_aChris Jones _eauthor |
||
| 942 |
_2lcc _cBK _h4026 _iLUM _kHG |
||